Top 100 baby girl names in 1940 - Statistics

General Stats
  • This quiz has been taken 216 times
  • The average score is 54 of 100
Answer Stats
Hint Answer % Correct
84 A Anne
98%
41 M Marie
98%
1 M Mary
98%
35 A Ann
91%
29 J Jean
88%
20 E Elizabeth
87%
72 J Jo
87%
11 M Margaret
87%
3 P Patricia
87%
47 J Jane
86%
6 C Carol
83%
49 C Carole
83%
14 J Joan
82%
63 J Joann
82%
54 J Joanne
82%
60 S Sarah
81%
36 S Susan
81%
51 A Anna
80%
53 C Catherine
80%
91 K Katherine
80%
5 B Betty
79%
2 B Barbara
76%
92 J Julia
75%
8 L Linda
75%
7 N Nancy
75%
15 C Carolyn
74%
19 J Janet
72%
12 D Dorothy
69%
18 H Helen
69%
32 A Alice
68%
44 R Rose
67%
74 E Ellen
64%
4 J Judith
64%
10 S Sandra
64%
94 E Emma
63%
28 F Frances
62%
34 K Karen
62%
96 R Rebecca
62%
24 R Ruth
61%
26 M Martha
60%
31 D Doris
59%
16 J Judy
59%
45 D Diane
57%
40 K Kathleen
57%
42 B Brenda
56%
55 C Charlotte
56%
22 J Janice
56%
48 E Evelyn
55%
23 D Donna
54%
98 E Edith
54%
56 A Annie
51%
68 E Eleanor
51%
59 L Louise
50%
61 S Sally
50%
17 S Sharon
50%
76 J Jacqueline
49%
82 J June
49%
13 J Joyce
48%
100 F Florence
46%
89 J Josephine
45%
9 S Shirley
44%
30 G Gloria
43%
52 W Wanda
43%
66 R Ruby
42%
43 N Norma
41%
39 B Bonnie
40%
73 I Irene
37%
97 L Lillian
37%
33 P Phyllis
37%
21 V Virginia
37%
93 W Wilma
37%
27 B Beverly
35%
38 L Lois
35%
25 M Marilyn
35%
70 R Rita
35%
50 E Elaine
34%
58 M Mildred
34%
99 A Audrey
33%
86 E Edna
33%
83 D Delores
31%
46 G Geraldine
31%
90 J Jeanette
30%
37 P Peggy
30%
67 D Dolores
29%
71 R Roberta
29%
64 M Marjorie
28%
85 R Rosemary
28%
87 A Anita
27%
65 G Gail
27%
81 S Sue
27%
62 S Sylvia
27%
79 D Darlene
25%
88 C Connie
24%
57 P Patsy
23%
80 M Marlene
22%
77 K Kay
21%
69 L Loretta
21%
95 L Lorraine
20%
75 A Arlene
14%
78 J Juanita
10%
No matching quizzes found
Score Distribution
Percent of People with Each Score
Percentile by Number Answered
Your Score History
You have not taken this quiz